<?xml version="1.0" encoding="UTF-8"?>
<collection xmlns="http://www.loc.gov/MARC21/slim">
 <record>
  <leader>01252nam a22002177a 4500</leader>
  <controlfield tag="001">NCT_560</controlfield>
  <controlfield tag="008">170927b        xxu||||| |||| 00| 0 vie d</controlfield>
  <datafield tag="999" ind1=" " ind2=" ">
   <subfield code="c">28</subfield>
   <subfield code="d">28</subfield>
  </datafield>
  <datafield tag="020" ind1=" " ind2=" ">
   <subfield code="a">9786049388606</subfield>
   <subfield code="c">91000</subfield>
  </datafield>
  <datafield tag="082" ind1="0" ind2="4">
   <subfield code="2">23rd ed.</subfield>
   <subfield code="a">543</subfield>
   <subfield code="b">Th523</subfield>
  </datafield>
  <datafield tag="100" ind1="1" ind2=" ">
   <subfield code="a">Trần Thị Thuý</subfield>
  </datafield>
  <datafield tag="245" ind1="1" ind2="0">
   <subfield code="a">Phân tích công cụ</subfield>
   <subfield code="c">Trần Thị Thuý</subfield>
  </datafield>
  <datafield tag="260" ind1=" " ind2=" ">
   <subfield code="a">Hà Nội</subfield>
   <subfield code="b">Bách khoa Hà Nội</subfield>
   <subfield code="c">2016</subfield>
  </datafield>
  <datafield tag="300" ind1=" " ind2=" ">
   <subfield code="a">204tr.</subfield>
   <subfield code="b">hình vẽ, bảng </subfield>
   <subfield code="c">24cm</subfield>
  </datafield>
  <datafield tag="490" ind1="0" ind2=" ">
   <subfield code="a">Tủ sách Ngành Kỹ thuật hoá học</subfield>
  </datafield>
  <datafield tag="520" ind1="3" ind2=" ">
   <subfield code="a">Nội dung tài liệu trình bày đại cương về phân tích công cụ và các phương pháp phân tích quang học, phân tích điện hoá, các phương pháp tách</subfield>
  </datafield>
  <datafield tag="942" ind1=" " ind2=" ">
   <subfield code="2">ddc</subfield>
   <subfield code="c">BK</subfield>
  </datafield>
  <datafield tag="952" ind1=" " ind2=" ">
   <subfield code="0">0</subfield>
   <subfield code="1">0</subfield>
   <subfield code="2">ddc</subfield>
   <subfield code="4">0</subfield>
   <subfield code="6">543_000000000000000_TH523</subfield>
   <subfield code="7">0</subfield>
   <subfield code="9">123</subfield>
   <subfield code="a">000001</subfield>
   <subfield code="b">000001</subfield>
   <subfield code="d">2017-09-30</subfield>
   <subfield code="o">543 Th523</subfield>
   <subfield code="p">MD.00235</subfield>
   <subfield code="r">2017-09-30</subfield>
   <subfield code="v">91000.00</subfield>
   <subfield code="w">2017-09-30</subfield>
   <subfield code="y">BK</subfield>
  </datafield>
  <datafield tag="952" ind1=" " ind2=" ">
   <subfield code="0">0</subfield>
   <subfield code="1">0</subfield>
   <subfield code="2">ddc</subfield>
   <subfield code="4">0</subfield>
   <subfield code="6">543_000000000000000_TH523</subfield>
   <subfield code="7">0</subfield>
   <subfield code="9">124</subfield>
   <subfield code="a">000001</subfield>
   <subfield code="b">000001</subfield>
   <subfield code="d">2017-09-30</subfield>
   <subfield code="o">543 Th523</subfield>
   <subfield code="p">MD.00234</subfield>
   <subfield code="r">2017-09-30</subfield>
   <subfield code="v">91000.00</subfield>
   <subfield code="w">2017-09-30</subfield>
   <subfield code="y">BK</subfield>
  </datafield>
  <datafield tag="952" ind1=" " ind2=" ">
   <subfield code="0">0</subfield>
   <subfield code="1">0</subfield>
   <subfield code="2">ddc</subfield>
   <subfield code="4">0</subfield>
   <subfield code="6">543_000000000000000_TH523</subfield>
   <subfield code="7">0</subfield>
   <subfield code="9">125</subfield>
   <subfield code="a">000001</subfield>
   <subfield code="b">000001</subfield>
   <subfield code="d">2017-09-30</subfield>
   <subfield code="o">543 Th523</subfield>
   <subfield code="p">MD.00233</subfield>
   <subfield code="r">2017-09-30</subfield>
   <subfield code="v">91000.00</subfield>
   <subfield code="w">2017-09-30</subfield>
   <subfield code="y">BK</subfield>
  </datafield>
  <datafield tag="980" ind1=" " ind2=" ">
   <subfield code="a">Thư viện Trường Đại học Nam Cần Thơ</subfield>
  </datafield>
 </record>
</collection>
